000 00603nam a2200229Ia 4500
003 OSt
005 20220918181641.0
006 a|||||r|||| 00| 0
007 ta
008 220917b |||||||| |||| 00| 0 eng d
024 _a27,957
037 _cTextual
040 _aARTS
_cARTS
_beng
041 _2eng
_aeng
082 _aO111,2J64:g, G9
100 _aHarrison G B
_952903
245 0 _aIntroducing Shakespeare
260 _aEngland
_bPenguin Books
_c1939
650 _aENGLISH LITERATURE
942 _hO111,2J64:g, G9
_cTEXL
_2CC
999 _c166361
_d166361